| 000 | 01444nam a22002657a 4500 | ||
|---|---|---|---|
| 999 |
_c22105 _d22105 |
||
| 003 | AR-CdUCM | ||
| 008 | 190425b ||||| |||| 00| 0 spa d | ||
| 040 |
_aMUNICIPALIDAD PROVINCIAL DEL CUSCO _cBIBLIOTECA MUNICIPAL DEL CUSCO |
||
| 082 | _aSieteculebras/N°6/1994 | ||
| 245 |
_aSiete culebras : _bRevista de cultura andina / _cMario Guevara Paredes, Director |
||
| 260 |
_aCusco : _bSieteculebras, _c1994. |
||
| 300 |
_a22 páginas. : _bilustraciones ; _c30 cm. |
||
| 440 |
_aRevista Siete Culebras. _njunio-julio 1994, N°6 _947452 |
||
| 505 | _aContenido: La sensualidad del lenguaje en Gregorio Martínez. Mario Pantoja. -- Carta a Oria. Alberto Marces. -- El mundo andino en la percepción de José Carlos Mariátegui. Enrique Rosas Paravicino. -- Cincuenta años de la creación del día del Cusco renovada fe en la profecía. Luis Nieto Degregori. -- Killku Warak´a. Abraham Valencia. -- Entrevista con Raúl Brozovich. Mario Guevara paredes. -- Sátira. Luis Negrón Alonso. -- Poesía. Shelma Guevara. -- Juan Alberto Osorio. -- Cuento. Pedro Gómez Muñoz. | ||
| 650 |
_aDía del Cusco _947137 |
||
| 650 |
_aLiteratura cusqueña _947453 |
||
| 650 |
_aNarradores cusqueños _931142 |
||
| 650 |
_aPoesía cusqueña _92323 |
||
| 700 |
_aRosas Paravicino, Enrique _9417 |
||
| 700 |
_aNieto Degregori, Luis _96534 |
||
| 700 |
_aBrozovich, Raúl _947254 |
||
| 700 |
_aGuevara paredes, Mario _96574 |
||
| 942 |
_2ddc _cPP |
||
| 945 | _arac | ||